Score 0/30 Timer 04:00
3 Plays Today
First Word % Correct
Les
97%
My
96.8%
Bye
94.9%
Guys
93.7%
How
92.7%
Monty
92.2%
Fiddler
92%
Hello,
91.5%
Sweeney
91.1%
Kiss
86%
Billy
85.6%
South
85.4%
Damn
80.2%
Man
79%
Sunset
77.9%
First Word % Correct
City
77.3%
Kinky
77.3%
Avenue
77.1%
Thoroughly
74.8%
Ain't
74.7%
Jersey
66.4%
Two
65%
In
56.5%
Spring
52.1%
Crazy
48.1%
42nd
38%
Fun
25%
Big
24.3%
Wonderful
10.8%
Hallelujah,
6.6%
Come Together.
Have Fun.
All Virtual.
We all need to come together. Play Sporcle's virtual live trivia to have fun, connect with people, and get your trivia on. Join a live hosted trivia game for your favorite pub trivia experience done virtually. If a virtual private party is more your thing, go here for details.

You're not logged in!

Compare scores with friends on all Sporcle quizzes.
OR
Log In

Sporcle TV

Today on Sporcle TV


Watch our educational content, quiz creation guides, and fun videos on Sporcle TV.

Show Comments

Extras

Top Quizzes Today


Score Distribution

Paid Content

Your Account Isn't Verified!

In order to create a playlist on Sporcle, you need to verify the email address you used during registration. Go to your Sporcle Settings to finish the process.

Report this User

Report this user for behavior that violates our Community Guidelines.

Details: